000
00368nam a2200133Ia 4500
008
151001s9999||||xx |||||||||||||| ||und||
100
_a
वा शि आपटे
245
_a
वि.स.खांडेकर ओळख व अभ्यास
250
_a
1
260
_b
श्री गणराज
260
_c
1976
300
_a
92
365
_b
18
999
_c
974189
_d
974186